También las estatuas tienen miedo /

Guardado en:
Autor Principal: Ferrari, Andrea
Otros Autores: Bernasconi, Pablo, il.
Formato: Libro
Publicado: Buenos Aires : Alfaguara, 2006
Series:Juvenil
Materias:
Etiquetas: Agregar Etiqueta
Sin Etiquetas, Sea el primero en etiquetar este registro!
LEADER 00893nam a22002655a 4500
001 CEM.cems013098
008 130507s2006##################000#0#####d
005 20221012082443.0
245 1 0 |a También las estatuas tienen miedo /  |c Andrea Ferrari ; ilustraciones de Pablo Bernasconi 
260 |a Buenos Aires :  |b Alfaguara,  |c 2006 
300 |a 150 p. 
490 0 |a Juvenil 
500 |a Desde 12 años 
020 |a 9870405274 
100 1 |a Ferrari, Andrea 
700 1 |a Bernasconi, Pablo, il. 
082 0 4 |a A863.4 
653 |a Literatura 
653 |a Literatura argentina 
653 |a Literatura juvenil 
653 |a Novela argentina juvenil 
653 |a Novelas 
859 |a CEMS  |b BIB. CEMS - Inicial y Primaria  |h A863.4  |i F412-1  |k IP  |p 6401  |t Ej.1 
859 |a CEMS  |b BIB. CEMS - 11 de abril  |h A863.4  |i F412-1  |p 25554.09  |t Ej.1 
859 |a CEMS  |b BIB. CEMS - 11 de abril  |h A863.4  |i F412-1  |p 25555.09  |t Ej.2